000
00339nam a2200133Ia 4500
008
240624s9999 xx 000 0 und d
041
_a
eng
082
_a
368 KRI
100
_a
KRIELE MARCUS
245
_a
VALUE ORIENTED RISK MANAGEMENT OF INSURA
260
_c
2014
_a
London
_b
Springer
300
_a
xii, 378 p.; 23 cm.
365
_c
ERU
_b
30
999
_c
31282
_d
31282